00600nam a2200157 a 450000100100000000500170001000800410002704000250006810000530009324500750014626000710022130000190029204900090031195201050032099900170042500003155320260304085435.0110627s19uu dr 000 0 spa d aDO-SdBNPbspacBNPHU1 aPeña Gomez, Jose Francisco ,d1937-19989299410aDictadura económica o paz social /cJosé Francisco Peña Gómez. c[Santo Domingo ]:bBloque Institucional Social Democrata,c[199?]. a8 p. ;c21 cm. aBNPD 0010718PDaPDbPDcCTd2011-06-27iLF1l0o p31553-10r2020-06-25w2020-06-25yLFPDZNo se presta c31045d31045